| 000 | 00347nam a22001337a 4500 | ||
|---|---|---|---|
| 999 |
_c528262 _d528262 |
||
| 003 | NUST | ||
| 038 | _aMSOHAIL | ||
| 082 |
_a388.10973 _bTWB |
||
| 100 |
_aUS Dept of Transportation _919968 |
||
| 245 | _aVisual impact assessment for highway projects | ||
| 260 |
_aWashington _bUS Dept of Transportation |
||
| 300 |
_a127 p; _c23cm |
||
| 942 |
_2ddc _cBK |
||